000 00556nam a2200205Ia 4500
003 GCL
008 140319s9999 xx 000 0 ara d
040 _aGCL /
_cGCL
082 0 4 _a410
_bت ن
100 1 _aتمام حسان
245 1 0 _aمناهج البحث فى اللغة /
_cتمام حسان
260 _a[S.N] :
_bمكتبة الانجلوالمصرية ،
_c1990
300 _a278 ص
490 _a
650 0 4 _aالنحو
650 0 4 _aاللغة العربية
650 0 4 _aالصرف
650 0 4 _aالاصوات
942 _2ddc
_cBK
999 _c32991
_d32991